000 00658nam a2200277Ia 4500
005 20260324130517.0
008 008 260324s9999 xx 000 0 eng d
020 _a9780429195815
037 _aEBOOK
040 _aCRL
040 _beng
040 _cCRL
041 _2eng
041 _aeng
084 _qCRL
100 _aThomas R. Peltier; Justin Peltier
_91182055
245 0 _aComplete Guide to CISM Certification
260 _bTaylor and Francis
260 _c2007
365 _a
365 _b210
856 _uhttp://www.taylorfrancis.com/books/9780429195815
942 _cEBOOK
999 _c1778274
_d1778274